Les meilleurs buteurs de Marseille depuis 2010 - Statistiques

Statistiques générales
  • Ce quiz a été pris 1 272 fois
  • Le résultat moyen est 12 sur 22
Statistiques - réponses
Joueurs Buts % Correct
Dimitri Payet 48
98%
Florian Thauvin 79
98%
André-Pierre Gignac 77
91%
Valère Germain 28
77%
Kostas Mitroglou 16
75%
Mathieu Valbuena 22
67%
André Ayew 60
65%
Jordan Ayew 21
65%
Bafetimbi Gomis 21
64%
Michy Batshuayi 33
59%
Lucas Ocampos 27
52%
Morgan Sanson 23
52%
Dario Benedetto 11
48%
Loic Rémy 42
47%
Benoit Cheyrou 12
42%
Brandao 11
40%
Lucho Gonzalez 13
40%
Rémy Cabella 13
39%
Romain Alessandrini 11
39%
Clinton Njie 16
33%
Luiz Gustavo 10
33%
Georges-Kévin Nkoudou 10
24%
Aucun quiz correspondant
Distribution des résultats
% des personnes avec chaque résultat
Percentile par nombre de réponses
Votre historique - résultats
Vous n’avez pas pris ce quiz